Các phương pháp thiết kế lỗ hình trục cán: Giáo trình cho sinh viên cơ khí và luyện kim
שמור ב:
| מחבר ראשי: | |
|---|---|
| פורמט: | ספר |
| שפה: | Undetermined |
| יצא לאור: |
Hà Nội
KHKT
2001
|
| נושאים: | |
| תגים: |
הוספת תג
אין תגיות, היה/י הראשונ/ה לתייג את הרשומה!
|
| Thư viện lưu trữ: | Trung tâm Học liệu Trường Đại học Cần Thơ |
|---|
| LEADER | 00641nam a2200181Ia 4500 | ||
|---|---|---|---|
| 001 | CTU_45355 | ||
| 008 | 210402s9999 xx 000 0 und d | ||
| 082 | |a 621.82 | ||
| 082 | |b H100 | ||
| 100 | |a PHAN VĂN HẠ | ||
| 245 | 0 | |a Các phương pháp thiết kế lỗ hình trục cán: | |
| 245 | 0 | |b Giáo trình cho sinh viên cơ khí và luyện kim | |
| 245 | 0 | |c PHAN VĂN HẠ, Hòa Bình, Nguyễn Thị Diệu Thúy | |
| 260 | |a Hà Nội | ||
| 260 | |b KHKT | ||
| 260 | |c 2001 | ||
| 650 | |a mechanical engineering,machine design,machine parts | ||
| 980 | |a Trung tâm Học liệu Trường Đại học Cần Thơ | ||